00489nam a2200169 450000500170000001000150001702000250003203500140005703700130007108200080008410000180009224500670011026000370017727000600021430000200027470000250029420220608144446.0 aENG-133140 a9788126040506c50.00 aEN-116672 bDBAD/PUB a921 aAnsari, Naami aMakers of Indian Literature:bDaya Narain Nigam/cNaami Ansari aNew DelhibSahitya Akademic2012 aRabindra Bhavan, 35, Ferozeshah RoadbNew Delhie110001 a64p.c21cm(pbk) aMohammad Umar Burney